| 000 | 00942nam a2200265 i 4500 | ||
|---|---|---|---|
| 001 | bg | ||
| 100 | 1 | _aKAWULOK, Marian. | |
| 245 | 1 | 0 |
_aProjektowanie budynków na terenach górniczych / _cMarian Kawulok ; Instytut Techniki Budowlanej. |
| 260 |
_aWarszawa : _bInstytut Techniki Budowlanej, _c2006. |
||
| 300 |
_a113 s. : _brys., wykr. ; _c24 cm. |
||
| 490 | 1 |
_aInstrukcje, Wytyczne, Poradniki / Instytut Techniki Budowlanej ; _v416/2006 |
|
| 504 | _aWykaz norm i aktów prawnych s. 6. | ||
| 650 | 9 |
_aKonstrukcje budowlane _xprojekty |
|
| 650 | 9 |
_aSzkody górnicze _xa budownictwo |
|
| 655 | _aInstrukcje | ||
| 710 | 2 | _aInstytut Techniki Budowlanej | |
| 830 | 0 |
_aInstrukcje, Wytyczne, Poradniki - Instytut Techniki Budowlanej ; _v416/2006 |
|
| 020 | _a8324900268 | ||
| 040 | _cBPK | ||
| 041 | 0 | _apol | |
| 080 | _a624.01/.07+692:622.83/.84 | ||
| 920 | _a83-249-0026-8 | ||
| 942 | _cKS | ||
| 008 | s pl f |000 0 pol | ||
| 999 |
_c51654 _d51654 |
||
| 856 |
_uhttp://koha.tu.koszalin.pl/cgi-bin/koha/opac-detail.pl?biblionumber=51654 _yKatalog online BPK |
||